| 000 | 02485nam a2200325 4500 | ||
|---|---|---|---|
| 003 | EC-UNACH | ||
| 005 | 20251014143206.0 | ||
| 006 | s||||gr|||| 00| 00 | ||
| 008 | 150116t9999 mx r gr 000 0 spa d | ||
| 020 | _a978-958-648-732-0 | ||
| 040 |
_aEC-UNACH _cEC-UNACH |
||
| 041 | _aspa | ||
| 082 | 0 | 4 |
_223 _a363.34 _bl011173 |
| 110 | _aEcoe ediciones | ||
| 245 | _aPlanes de contingencias | ||
| 250 | _aPrimera edición | ||
| 264 |
_aColombia _bEcoe ediciones _c2011 |
||
| 300 | _a280 | ||
| 505 | _aCapitulo 1- Contingencia o emergencia ,Capitulo 2- hechos de la humanidad emergencia o contingencia, Capitulo 3- Criterios sobre los planes de contingencias, Capitulo 4- Sistema nacional para la atención y prevención de desastres, Capitulo 5- Entidades para el control y prevención de desastres , Capitulo 6- Legislación y normalización sobre planes de contingencias, Capitulo 7- puntos para valorar un plan de contingencias , Capitulo 8- Planes de contingencias para los municipios , Capitulo 9- Planes de contingencias para aeropuertos ,Capitulo 10- Planes para actuar ante incendios ,Capitulo 11- planes de contingencias para establecimientos educativos , Capitulo 12- Planes de contingencia para minas Capitulo 13- Planes de contingencia para organizaciones agroindustriales Capitulo 14- Planes de contingencia para emergencias con hidrocarburos Capitulo 15- Planes de contingencias ante fenómenos naturales Capitulo 16 - Planes de contingencias para lugares de concentración humana Capitulo 17-Planes de contingencias en hospitales y similares Capitulo 18- Guía para elaborar planes de contingencia Capitulo 19- Planes de contingencia para etapas de construcción y obras Capitulo 20-Que hacer antes durante y después de un terremoto Capitulo 21- Brigadas brigadistas y simulacros capitulo 22- Métodos para valorar situaciones de riesgo Capítulo 23- Fenómenos físicos naturales y desastrosos Capitulo 24- Clasificación de productos químicos y áreas eléctricas Capitulo 25- Primeros auxilios a personas Capitulo 26- El fuego , bases de control y extinción | ||
| 650 | _aContigencia o emergencia | ||
| 650 | _aHechos de la humanidad emergencia o contigencia | ||
| 650 | _aCriterios sobre los planes de contingencias | ||
| 700 | _aRaúl Felipe Trujillo Mejía | ||
| 942 |
_2ddc _c1 |
||
| 999 | _c14000 | ||